000 00348nam a2200133Ia 4500
008 240624s9999 xx 000 0 und d
041 _aeng
082 _a650.1 BRO
100 _aBROUNSTEIN MARTY
245 _aTHRIVING IN THE WORKPLACE ALL IN ONE FOR
260 _c2010
_aNew Delhi
_bWiley
300 _axxiv, : 667 : p. : cm. ; 23
365 _c
_b38
999 _c28404
_d28404